STN EN 13480-1: 2013 (13 3410) [neplatná], Kovové priemyselné potrubia Časť 1 Všeobecne
Táto norma je slovenskou verziou európskej normy EN 13480-1: 2012. Preklad zabezpečil Slovenský ústav technickej normalizácie. Má rovnaké postavenie ako majú oficiálne verzie
| Other Authors: | |
|---|---|
| Format: | Book |
| Language: | Slovak English |
| PhysicalDescription: | 16 s. tab. 30 cm |
| Published: |
Bratislava
Slovenský ústav technickej normalizácie
2013
|
| Subjects: |
MARC
| LEADER | 00000cam a2200000 a 4500 | ||
|---|---|---|---|
| 001 | vtls010509621 | ||
| 003 | SK-MaSNL | ||
| 005 | 20260301222644.0 | ||
| 008 | 160430s2013 xo a f u 000 0 slo | ||
| 015 | |a SNBN2013 | ||
| 020 | |c (cen. skup. 4) | ||
| 040 | |a SNK |b slo |c SNK |e AACR2 | ||
| 041 | 1 | |a slo |h eng | |
| 044 | |a xo |c SK | ||
| 046 | |a s |m 20130501 (účin.) |n 20171215 (zruš.) | ||
| 072 | 7 | |a 621 |x Strojárstvo |2 konspekt | |
| 080 | |a 621.643/.2/.4 |2 2001 | ||
| 080 | |a 006.7/.8 |2 2001 | ||
| 080 | |a (437.6) |2 2001 | ||
| 080 | |a (4) |2 2001 | ||
| 084 | |a 23.040.01 |2 ICS | ||
| 130 | 0 | |a STN 13 3410 (STN EN 13480-1) [neplatná] |9 409224 | |
| 245 | 1 | 0 | |a STN EN 13480-1: 2013 (13 3410) [neplatná], Kovové priemyselné potrubia |n Časť 1 |p Všeobecne |
| 246 | 1 | 0 | |a Kovové priemyselné potrubia |
| 246 | 3 | 0 | |a EN 13480-1: 2012 E |
| 260 | |a Bratislava |b Slovenský ústav technickej normalizácie |c 2013 | ||
| 300 | |a 16 s. |b tab. |c 30 cm | ||
| 500 | |a Súbežný názov v angličtine, francúzštine, nemčine | ||
| 500 | |a Táto norma nahrádza anglickú verziu STN EN 13480-1 z októbra 2012, ktorá nahradila STN EN 13480-1 z apríla 2004 v celom rozsahu | ||
| 500 | |a Spracovateľ: Michal Pivoňka | ||
| 500 | |a Norma je nahrdená anglickou verziou normy STN EN 13480-1 z decembra 2017, ktorú nahradila slovenská norma STN EN 13480-1 z augusta 2018 v celom rozsahu | ||
| 504 | |a Citované normy, súvisiace právne predpisy s. 2 : literatúra s. 16 | ||
| 520 | 8 | |a Táto norma je slovenskou verziou európskej normy EN 13480-1: 2012. Preklad zabezpečil Slovenský ústav technickej normalizácie. Má rovnaké postavenie ako majú oficiálne verzie | |
| 540 | |a STN vydané na akomkoľvek nosiči sa môžu rozmnožovať a rozširovať iba so súhlasom určenej právnickej osoby |b SÚTN Bratislava |c zákon 264/1999 Z. z. | ||
| 650 | 0 | 7 | |a potrubia |2 SNKPH |9 14318 |
| 650 | 0 | 7 | |a technické normy a štandardy |z Slovensko |2 SNKPH |9 79594 |
| 650 | 0 | 7 | |a technické normy a štandardy |z krajiny Európskej únie |2 SNKPH |9 289341 |
| 650 | 0 | 7 | |a Pipe |2 SNKPHeng |9 319710 |
| 650 | 0 | 7 | |a armatúry |2 SNKPH |9 17690 |
| 655 | 7 | |a normy |2 SNKPH |9 70643 | |
| 700 | 1 | |a Pivoňka, Michal |4 trl |9 314614 | |
| 710 | 2 | |a Slovenský ústav technickej normalizácie |4 stn |9 32706 | |
| 852 | |a Štátna vedecká knižnica v Banskej Bystrici | ||
| 958 | |a OP | ||
| 958 | |a NB | ||
| 999 | |c 940608 |d 942538 | ||
| 952 | |a SNK |b SNK |y PREZ |7 0 |p 17A1071780 |o snkSTN EN 13480-1 |i snk2013/12295 |8 0 |0 0 |1 0 |4 0 |d 2013-05-31 |l 0 |r 2026-02-24 09:17:08 |w 2026-02-24 | ||
| 952 | |a SNK |b SNK |y PREZ |7 0 |p 17A1071779 |o snkSTN EN 13480-1 D1 |i snk2013/12296 |8 0 |0 0 |1 0 |4 0 |d 2013-05-31 |l 0 |r 2026-02-24 09:17:08 |w 2026-02-24 | ||


